| 000 | 00882nam a22001935i 4500 | ||
|---|---|---|---|
| 001 | 151412 | ||
| 003 | ES-MaACL | ||
| 005 | 20251011063140.0 | ||
| 008 | 990708s1868 sp f |||| |bspa d | ||
| 040 |
_aM-RABA _bspa _cM-RABA _dCCPB | B |
||
| 100 | 1 |
_aAlfaro, Manuel Ibo, _d1828-1885 _9171622 |
|
| 245 | 1 | 0 |
_aApuntes para la historia de D. Leopoldo O'Donnell / _cpor Manuel Ibo Alfaro. |
| 260 |
_aMadrid : _b[s.n.], _c1868 ( _fImprenta del Indicador de los Caminos de Hierro) |
||
| 300 |
_a986 p., [15] h. de grab. ; _c24 cm. |
||
| 599 | _aLas h. de grab. son retr., lugares y cosas relacionadas con O'Donnell. | ||
| 600 | 1 | 7 |
_aO'Donnell y Jorris, Leopoldo, _d1809-1867- _vBiografĂas _2 _9130575 |
| 852 |
_aES-MaACL _jG-4195 _z-- Enc. hol. _z.- Dedicatoria manuscrita: "Al sr. d. Alvaro Queipo y Llanos como testimonio de amistad, el autor" |
||
| 999 |
_c151412 _d151412 |
||